Castlevania Games - Statistics

General Stats
  • This quiz has been taken 322 times
    242 since last reset
  • The average score is 23 of 41
Answer Stats
Console Game % Correct
NES Castlevania
96%
GameBoy Advance Castlevania NES Classic
96%
NES Castlevania II Simon's Quest
93%
Playstation 1 Castlevania Symphony of the Night
93%
Sega Saturn Castlevania Symphony of the Night
93%
NES Castlevania III Dracula's Curse
88%
GameBoy Advance Castlevania Aria of Sorrow
86%
TurboGrafx-16 Castlevania X: Rondo of Blood
79%
Super Nintendo Castlevania Dracula X
72%
Nintendo 64 Castlevania 64
71%
DS Castlevania Dawn of Sorrow
71%
GameBoy Advance Castlevania Circle of the Moon
70%
GameBoy Advance Castlevania Harmony of Dissonance
70%
Super Nintendo Castlevania IV
70%
PSP Casltevania Dracula X Chronicles
68%
Playstation 2 Castlevania Lament of Innocence
64%
DS Castlevania Order of Ecclesia
64%
DS Castlevania Portrait of Ruin
61%
Sega Genesis Castlevania Bloodlines
59%
Playstation 3 Castlevania Lords of Shadow
56%
Playstation 2 Castlevania Curse of Darkness
52%
Xbox Castlevania Curse of Darkness
52%
GameBoy Castlevania Adventure
51%
GameBoy Castlevania II Belmont's Revenge
49%
Playstation 3 Castlevania Lords of Shadow 2
49%
Playstation 1 Castlevania Chronicles
48%
GameBoy Castlevania Legends
45%
Wii Castlevania Judgement
43%
Playstation 3 Castlevania Harmony of Despair
42%
Xbox 360 Castlevania Harmony of Despair
42%
Nintendo 64 Castlevania Legacy of Darkness
42%
3DS Castlevania Mirror of Fate
41%
Playstation 4 Castlevania Advance Collection
30%
Nintendo Switch Castlevania Advance Collection
30%
Xbox One Castlevania Advance Collection
30%
Playstation 4 Castlevania Anniversary Collection
23%
Nintendo Switch Castlevania Anniversary Collection
23%
Xbox One Castlevania Anniversary Collection
23%
Playstation 4 Castlevania Requiem
20%
Xbox 360 Castlevania Lord of Shadow
17%
Xbox 360 Castlevania Lord of Shadow 2
11%
No matching quizzes found
Score Distribution
Percent of People with Each Score
Percentile by Number Answered
Your Score History
You have not taken this quiz since the last reset